Loading...
| Literature - European | 0 | 8 | 0 | 2 | 80 | 88 | 107.38 | 0 | 2 | 0.00 | 0.00 |
| Fine Arts - Other | 0 | 7 | 0 | 0 | 70 | 50 | 75.29 | 1 | 6 | 0.00 | 0.00 |
| Fine Arts - Painting and Sculpture | 0 | 7 | 1 | 0 | 65 | 81 | 94.43 | 0 | 1 | 0.00 | 0.00 |
| Fine Arts - Classical Music | 0 | 6 | 0 | 0 | 60 | 64 | 89.33 | 0 | 4 | 0.00 | 0.00 |
| Literature - British | 0 | 4 | 0 | 1 | 40 | 49 | 92.50 | 0 | 1 | 0.00 | 0.00 |
| Science - Other | 0 | 3 | 1 | 1 | 25 | 71 | 91.33 | 1 | 2 | 0.00 | 0.00 |
| Literature - World | 0 | 3 | 1 | 0 | 25 | 46 | 86.67 | 0 | 1 | 0.00 | 0.00 |
| Science - Biology | 0 | 2 | 0 | 1 | 20 | 53 | 80.00 | 0 | 1 | 0.00 | 0.00 |
| Literature - American | 0 | 3 | 2 | 1 | 20 | 43 | 81.67 | 1 | 1 | 0.00 | 0.00 |
| History - European | 0 | 1 | 0 | 0 | 10 | 73 | 73.00 | 0 | 1 | 0.00 | 0.00 |
| Science - Physics | 0 | 1 | 0 | 0 | 10 | 73 | 73.00 | 0 | 1 | 0.00 | 0.00 |
| Social Science | 0 | 1 | 0 | 0 | 10 | 106 | 106.00 | 0 | 0 | 0.00 | 0.00 |
| History - American | 0 | 1 | 1 | 1 | 5 | 130 | 130.00 | 0 | 0 | 0.00 | 0.00 |
| Religion | 0 | 0 | 0 | 0 | 0 | 0.00 | 0 | 0 | 0.00 | 0.00 | |
| History - Other | 0 | 0 | 2 | 0 | -10 | 0.00 | 0 | 0 | 0.00 | 0.00 |